000
00493nam a2200145Ia 4500
008
100122s9999 xx 000 0 und d
082
_b
65993
_a
920
100
_a
मेहेंदळे विश्वास
245
_a
स्मृती विस्मृती
260
_b
सिग्नेट पब्लिकेशन
_c
2004
300
_a
132
630
_a
स्मृती विस्मृती
730
_a
स्मृती विस्मृती
942
_c
BOOK
999
_c
438765
_d
438762